000 01342nam a22002057a 4500
999 _c6530
_d6530
003 AR-CdUCM
008 190318b ||||| |||| 00| 0 spa d
040 _aMUNICIPALIDAD PROVINCIAL DEL CUSCO
_cBIBLIOTECA MUNICIPAL DEL CUSCO
082 _24ed.
_a985.01 /
_bV18
100 _aValcárcel , Luis E.
_9628
245 _aHistoria del Perú antiguo a través de la fuente escrita /
260 _aLima :
_bLibreria Editorial Juan Mejía Baca,
_c1984.
300 _a6 tomos ;
_c22 cm.
505 _aContenido : t.1: Nota del editor -- Introducción -- Plan y desarrollo de la obra -- Primera vision española del Perú -- Crónicas de viaje... t.2: Caza y pesca -- Ganadería -- Calendario agrícola -- Agricultura -- Tierras... t.3: El sistema mágico religioso -- Lo mágico religioso -- Los magos -- Creencias y practicas mágicas -- Predicciones... t.4: Concepción del mundo -- El mito de Viracocha -- Nuevas versiones y otros mitos -- El mito de Kon -- La creación y el diluvio... t.5: Gutiérrez de Santa Clara -- Zárate -- Licenciado Santillán --El Palentino -- Anónimo de 1580... t.6: Los adoratorios del Cusco, del P. Cobo -- La documentación de los archivos -- Los tiempos anteriores al imperio.
650 _aHistoria
_9246
650 _aFuentes
_95740
650 _aPerú antiguo
_918455
942 _2ddc
_cLIBROS
945 _azta